Paroles : Immortelle - Lara Fabian - Statistiques

Statistiques générales
  • Ce quiz a été pris 35 fois
  • Le résultat moyen est 149 sur 212
Statistiques - réponses
Réponse % Correct
Immortelle
100%
Je
100%
De
96%
Le
92%
Me
92%
Ce
88%
Celle
88%
À
84%
D'être
84%
Il
84%
J'ai
84%
Ma
80%
Meurs
80%
Qui
80%
Sentiment
80%
Toi
80%
Toi ?
80%
Un
80%
Tu
76%
Ciel
72%
Des
72%
Ne
72%
Si
72%
Serais
68%
Survivra
68%
Tout
68%
Aile
64%
Bout
64%
Celui-là
64%
Dans
64%
Mal
64%
Pas
64%
Qu'un
64%
Qu'une
64%
Restait
64%
Celle-là
60%
Perdue
60%
Plus
60%
Que
60%
Rien
60%
L'Éternel
56%
Mes
56%
Décroché
52%
Dieux
52%
N'abritait
52%
Une
52%
Fragile
48%
Les
48%
Moi
48%
Dit
44%
Franchirais
44%
On
44%
Oubliée
44%
Qu'on
44%
Seuil
44%
Aura
40%
Beau
40%
Dire
40%
Fil
40%
Île
40%
Peau
40%
Quoi
40%
Ruines
40%
Sont
40%
Valait
40%
Brillait
36%
Est
36%
J'échouais
36%
Même
36%
Mène
36%
Mots
36%
Pour
36%
Reste
36%
S'il
36%
L'inutile
32%
Servir
32%
Vers
32%
Ça
28%
Destin
28%
T'efface
28%
Traces
28%
Traînant
28%
Déchiré
24%
Garderai
24%
Marquerai
24%
Peux
24%
Trouver
24%
Aucun quiz correspondant
Distribution des résultats
% des personnes avec chaque résultat
Percentile par nombre de réponses
Votre historique - résultats
Vous n’avez pas pris ce quiz